000 00522nam a2200181 4500
001 113078
003 ES-MaACL
005 20250930063114.0
007 t|
008 061121s1971 sp r ||||1| spa d
100 1 _aNúñez Alonso, Alejandro,
_d1905-1982
_986172
245 1 0 _aVíspera sin mañana
_b: novela /
_cAlejandro Núñez Alonso.
250 _a1ª ed.
260 _aBarcelona :
_bPlaneta,
_c1971.
300 _a505 p. ;
_c22 cm.
852 _aES-MaACL
_jC-39363
_bR.77162
999 _c113078
_d113078